[Event "Olympiad Women 2024"]
[Site "Budapest HUN"]
[Date "2024.09.13"]
[Round "3.60"]
[Board "4"]
[White "Hephzibah Awura-Ama Manubea Tandoh"]
[Black "Carrillo Marval, Maria Angelica"]
[Result "0-1"]
[WhiteElo "1516"]
[BlackElo "1795"]
[PlyCount "84"]
[EventDate "2024.09.11"]
[WhiteTeam "Ghana"]
[BlackTeam "Panama"]
[WhiteTeamCountry "GHA"]
[BlackTeamCountry "PAN"]

1. d4 Nf6 2. e3 g6 3. Nf3 Bg7 4. Be2 d5 5. O-O O-O 6. b3 c5 7. dxc5 $146 ({RR} 7. c3 Nc6 8. Bb2 cxd4 9. cxd4 Bf5 10. Nc3 Rc8 11. Rc1 Ne4 12. Na4 Bd7 13. Ba3 Qa5 14. Qe1 Qxe1 15. Rfxe1 Rfe8 16. Nc5 Nxc5 17. Rxc5 e6 18. Rcc1 f6 19. Red1 a6 20. h3 Red8 21. Ne1 b5 {½-½ Dominiczak,A (1729)-Socko,W (1607) Warsaw YMCA Winter-B 210th 2019 (1)}) ({RR} 7. c3 Nbd7 8. Bb2 b6 9. a4 Bb7 10. Na3 e6 11. c4 Qe7 12. a5 Rfd8 13. axb6 axb6 14. Nb5 {½-½ Del Rio de Angelis,S (2525)-Fluvia Poyatos,J (2436) Andorra op 36th 2018 (6)}) ({RR} 7. Ba3 Ne4 8. Ne5 cxd4 9. exd4 Nd7 10. Nf3 Ndf6 11. c4 b6 12. Ne5 Bb7 13. f3 Nd6 14. Nc3 Nf5 15. Qd2 dxc4 16. Bxc4 Nd7 17. Nxd7 Bxd4+ 18. Kh1 Qxd7 19. Rad1 Rfd8 20. Rfe1 Bc6 21. Rc1 Be3 {0-1 Wolf,R (2046)-Lupor,A (2263) 6th Bamberg Open 2024 (7.19)}) ({RR} 7. c3 Nc6 8. Bb2 Ne4 9. Nbd2 e5 10. dxc5 Nxc5 11. Ba3 b6 12. b4 Ne6 13. b5 Ne7 14. Qa4 Qc7 15. Rac1 Nc5 16. Qb4 a5 17. Qb2 Bf5 18. c4 d4 19. Bxc5 bxc5 20. e4 Bd7 21. Ne1 Bh6 {1-0 Herzog,A (2399)-Lipinsky,F (2339) AUT-chT 9900 1999 (3.3)}) 7... Ne4 8. Nd4 Nxc5 9. Nd2 e5 10. Nb5 a6 11. Nc3 d4 12. Nce4 dxe3 13. fxe3 Nxe4 14. Nxe4 Qb6 15. Qd6 Nc6 16. Qc5 Qxc5 17. Nxc5 e4 18. Rb1 Re8 19. Bb2 Bf8 20. Bc4 Nd8 21. Rbd1 Bxc5 22. Bd4 Bxd4 23. exd4 Bg4 24. Rde1 Bf5 25. c3 Rc8 26. Rc1 b5 27. Be2 Nb7 28. h3 Nd6 29. c4 bxc4 30. bxc4 Red8 31. Rfd1 Bd7 32. c5 Bb5 33. Bxb5 Nxb5 34. d5 f5 35. Kf2 Kf7 36. Ke3 Kf6 37. c6 Ke5 38. Rc5 f4+ 39. Ke2 Nd4+ 40. Ke1 Rxd5 41. Rxd5+ Kxd5 42. Rd2 Rxc6 0-1

[Event "Olympiad Women 2024"]
[Site "Budapest HUN"]
[Date "2024.09.13"]
[Round "3.61"]
[Board "1"]
[White "Maly Inthavong"]
[Black "Quevedo, Andreina"]
[Result "0-1"]
[WhiteElo "1633"]
[BlackElo "1851"]
[PlyCount "53"]
[EventDate "2024.09.11"]
[WhiteTeam "Laos"]
[BlackTeam "Uruguay"]
[WhiteTeamCountry "LAO"]
[BlackTeamCountry "URU"]

1. e4 e5 2. Nf3 Nc6 3. Nc3 Nf6 4. d4 exd4 5. Nxd4 Bb4 6. Bg5 h6 7. Bh4 d6 8. Nxc6 Bxc3+ 9. bxc3 bxc6 10. e5 dxe5 $146 ({RR} 10... Qe7 11. Qe2 Qxe5 12. Qxe5+ dxe5 13. Rb1 Nd5 14. c4 Nb6 15. Bd3 O-O 16. O-O Be6 17. Bg3 f5 18. Rb4 a5 19. Rb2 Nxc4 20. Rb7 Rfc8 21. f4 Nd6 22. Rb2 e4 23. Be2 a4 24. Rd1 a3 25. Rbb1 {0-1 Dreesbach,C (1329)-Hellbing,H (1961) Ruhrgebiet VK3 0405 2004 (9.8)}) 11. Qxd8+ Kxd8 12. Bxf6+ gxf6 13. g3 Ke7 14. Bg2 Bd7 15. O-O Rab8 16. Rfe1 Rb2 17. f4 Rxc2 18. Re3 Rb8 19. fxe5 fxe5 20. Rxe5+ Kf6 21. Re3 Rbb2 22. Be4 Rxh2 23. a4 Rhe2 24. Rf1+ Kg7 25. Rxe2 Rxe2 26. Rf2 Rxe4 27. Rf3 0-1

[Event "Olympiad Women 2024"]
[Site "Budapest HUN"]
[Date "2024.09.13"]
[Round "3.63"]
[Board "1"]
[White "Alazmi, Amani"]
[Black "Kovacova, Zuzana"]
[Result "0-1"]
[WhiteElo "1673"]
[BlackElo "2020"]
[PlyCount "154"]
[EventDate "2024.09.11"]
[WhiteTeam "Kuwait"]
[BlackTeam "Bermuda"]
[WhiteTeamCountry "KUW"]
[BlackTeamCountry "BER"]

1. e4 e5 2. Nf3 Nc6 3. Bc4 Bc5 4. c3 Nf6 5. d4 exd4 6. cxd4 Bb4+ 7. Nc3 Nxe4 8. O-O Bxc3 9. d5 Bf6 10. Re1 Ne7 11. Rxe4 d6 12. Bg5 Bxg5 13. Nxg5 h6 14. Qe2 hxg5 15. Re1 Be6 16. dxe6 f6 17. Re3 d5 18. Rh3 Rxh3 19. gxh3 g6 20. Bd3 Qd6 21. Bxg6+ Nxg6 22. Qh5 O-O-O 23. Qxg6 Qe7 24. Kg2 Rf8 $146 ({RR} 24... Rh8 25. Qd3 c6 26. b4 Qxb4 27. Rc1 Qe4+ 28. Qxe4 dxe4 29. Rc4 Rh4 30. Rd4 e3 31. e7 Rh8 32. Re4 Kd7 33. Rxe3 Re8 34. h4 Rxe7 35. Rd3+ Ke6 36. Kg3 gxh4+ 37. Kxh4 Rg7 38. Re3+ Kf5 39. Rf3+ {0-1 Jorge,D (1924)-Cirilo,G (1885) Bauru op U2200 2010 (5)}) ({RR} 24... c6 25. Kg3 Rh8 26. Qf5 Rh4 27. Qg6 Rh8 28. Qf5 Rh4 29. Qg6 Rh8 30. Qf5 Rh4 31. Qg6 {½-½ Deutschbein,C (2012)-Mueller,F (1992) Schleswig Holstein-ch Vormeister 2018 (1.5)}) 25. Qf5 Rd8 26. Qg6 b6 27. Qf7 Re8 28. f4 Kd8 29. Qxe7+ Kxe7 30. f5 Rh8 31. Rd1 c6 32. Rd4 Kd6 33. b4 Ke5 34. Rd2 Kxf5 35. e7 Re8 36. Re2 d4 37. Kf1 Kg6 38. Re6 c5 39. bxc5 bxc5 40. Rc6 Rxe7 41. Rxc5 Rb7 42. a4 Rd7 43. Ke1 Rd6 44. Ra5 a6 45. Rc5 Kh5 46. Rc8 d3 47. Kd2 f5 48. Rh8+ Kg6 49. Rg8+ Kf6 50. Rf8+ Ke5 51. Rg8 Kf4 52. Rb8 Rd4 53. Rb3 Rxa4 54. Kxd3 a5 55. Rc3 Rb4 56. Kc2 a4 57. Ra3 Ke5 58. Rg3 Kf6 59. Rc3 Kg6 60. Rc6+ Kh5 61. Rc8 Rb3 62. Rh8+ Kg6 63. Rg8+ Kf6 64. Rf8+ Ke5 65. Re8+ Kf4 66. Rh8 Rf3 67. Ra8 Rxh3 68. Rxa4+ Kf3 69. Ra3+ Kg4 70. Ra4+ f4 71. Kd1 Rxh2 72. Ke1 Kg3 73. Kf1 f3 74. Ke1 Rb2 75. Ra1 Kg2 76. Kd1 f2 77. Kc1 Re2 0-1

[Event "Olympiad Women 2024"]
[Site "Budapest HUN"]
[Date "2024.09.13"]
[Round "3.63"]
[Board "3"]
[White "Nema, Rabab"]
[Black "Gontcharova, Olga"]
[Result "1-0"]
[WhiteElo "1601"]
[BlackElo "1567"]
[PlyCount "47"]
[EventDate "2024.09.11"]
[WhiteTeam "Kuwait"]
[BlackTeam "Bermuda"]
[WhiteTeamCountry "KUW"]
[BlackTeamCountry "BER"]

1. d4 d6 2. e4 Nf6 3. Nc3 Nbd7 4. g4 e5 5. g5 exd4 6. Qxd4 c5 $146 ({RR} 6... Ng8 7. h4 h6 8. Bg2 c6 9. Bf4 Qb6 10. O-O-O Qxd4 11. Rxd4 hxg5 12. hxg5 Rxh1 13. Bxh1 Ne5 14. Nf3 f6 15. gxf6 gxf6 16. Nh4 {½-½ Borge,N (2405)-Jansa,V (2525) Hillerod Politiken 1995 (4)}) ({RR} 6... Ng8 7. Nf3 Ne7 8. Be3 Nc6 9. Qd2 Nde5 10. Nxe5 dxe5 11. Nd5 Bd6 12. O-O-O Be6 13. f4 exf4 14. Bxf4 O-O 15. h4 Bxd5 16. exd5 Ne5 17. Be2 Ng6 18. Bxd6 cxd6 19. h5 Ne5 20. Kb1 f5 21. gxf6 {1-0 Moiseenko,A (2706)-Miton,K (2623) Trzcianka Dziedzic Memorial 2nd rapid 2012 (8)}) ({RR} 6... Ng4 7. f4 h6 8. Be2 Nc5 9. Nf3 hxg5 10. Nxg5 Ne6 11. Nxe6 Qh4+ 12. Kd1 Bxe6 13. Rf1 Nxh2 14. Rh1 Qg3 15. Be3 Nf3 16. Bxf3 Qxf3+ 17. Kd2 Rxh1 18. Rxh1 Qxh1 19. f5 Bd7 20. Nd5 Rc8 21. Kc3 {0-1 Kleiman,J (2399)-Chernikov,V (2266) Titled Tue 16th Jul Early 2024 (1)}) ({RR} 6... Ng8 7. h4 h6 8. Bg2 Nc5 9. Be3 hxg5 10. hxg5 Rxh1 11. Bxh1 Ne7 12. Qd2 Nc6 13. O-O-O Be6 14. f4 g6 15. f5 Bd7 16. Nd5 Ne5 17. Nf6+ Ke7 18. Bxc5 {1-0 Eder,M (2170)-Bachlechner,J (2214) AUT-chT2M 2021 (3.3)}) 7. Qd1 Nxe4 8. Nxe4 Qe7 9. Qe2 Kd8 10. Bf4 d5 11. Nd6 Qxe2+ 12. Bxe2 Bxd6 13. Bxd6 b6 14. O-O-O Bb7 15. Bf3 Re8 16. Bxd5 Bxd5 17. Rxd5 a5 18. Nf3 a4 19. Rhd1 c4 20. Bb4 Re7 21. Bxe7+ Kxe7 22. Rxd7+ Ke8 23. Rb7 Kf8 24. Rdd7 1-0

[Event "Olympiad Women 2024"]
[Site "Budapest HUN"]
[Date "2024.09.13"]
[Round "3.65"]
[Board "1"]
[White "Yavo Tchetche, Marie"]
[Black "Sanudula, K M Dahamdi"]
[Result "1/2-1/2"]
[WhiteElo "1686"]
[BlackElo "2023"]
[PlyCount "94"]
[EventDate "2024.09.11"]
[WhiteTeam "Cote d’Ivoire"]
[BlackTeam "Sri Lanka"]
[BlackTeamCountry "SRI"]

1. d4 Nf6 2. Nf3 e6 3. g3 d5 4. Bg2 Be7 5. O-O O-O 6. Nbd2 b6 7. c4 Bb7 8. a3 $146 ({RR} 8. Qc2 Nc6 9. Rd1 Nb4 10. Qb1 a5 11. a3 Na6 12. Ne5 Bd6 13. b3 Qe7 14. Bb2 c5 15. e4 cxd4 16. Bxd4 Nc5 17. exd5 exd5 18. Re1 Ne6 19. Bb2 dxc4 20. Nexc4 Bc5 21. Ne4 Ng4 22. Qd1 f5 {1-0 De Coverly,R (2075)-Jeffries,M (2022) GBR-ch op Swansea 2006 (8.51)}) ({RR} 8. cxd5 exd5 9. b3 a5 10. Ne5 a4 11. bxa4 Qe8 12. Qc2 Nc6 13. Bb2 Bd6 14. Rfc1 Nd8 15. a5 Rxa5 16. a4 Ra7 17. e3 Ne6 18. h4 Qa8 19. Ndf3 Re8 20. Bf1 c5 21. Bb5 Re7 22. dxc5 bxc5 {½-½ Ding,L (2805)-Aronian,L (2752) Norway Chess 7th 2019 (5)}) ({RR} 8. cxd5 exd5 9. b3 Nbd7 10. Bb2 Re8 11. Qc2 Rc8 12. Rfc1 Bd6 13. e3 Qe7 14. Qf5 g6 15. Qh3 Rcd8 16. Bf1 h5 17. a4 Ng4 18. a5 Ndf6 19. axb6 axb6 20. Bb5 c6 21. Bxc6 Bxc6 22. Rxc6 Nxf2 {0-1 Wegerer,F (2101)-Legky,N (2357) World Senior Teams +65 2023 (2.1)}) ({RR} 8. cxd5 Bxd5 9. Qc2 Nbd7 10. e4 Bb7 11. e5 Nd5 12. Ne4 c5 13. dxc5 Nb4 14. Qb1 Nxc5 15. Nxc5 Bxc5 16. Ng5 Bxf2+ 17. Rxf2 Qd1+ 18. Bf1 Qh5 19. Be2 Qh6 20. a3 {1-0 Tarnowski,A-Brzozka,S POL-ch Wroclaw 1960 (12)}) 8... c5 9. e3 Nbd7 10. b3 Rc8 11. Bb2 Ne4 12. Nxe4 dxe4 13. Ne5 Rc7 14. Qc2 Nxe5 15. dxe5 Rd7 16. Rfd1 Rd3 17. Bf1 Rd7 18. Rxd7 Qxd7 19. Rd1 Qc6 20. Qd2 Bc8 21. Bg2 f5 22. exf6 gxf6 23. Qe2 Kh8 24. Rd2 e5 25. Bc3 Be6 26. Qd3 Bf5 27. Qe2 a6 28. Qh5 Qe6 29. Qh4 Bg6 30. Qh3 Bf5 31. Qh5 b5 32. Qe2 Bg4 33. Qf1 b4 34. axb4 cxb4 35. Ba1 Bf3 36. Bh3 f5 37. Qe1 Bd6 38. Rd5 Qh6 39. Bg2 Bh5 40. Bxe5+ Bxe5 41. Rxe5 Rd8 42. Qxb4 Rd1+ 43. Bf1 Qf6 44. Qb8+ Kg7 45. Rd5 Rxf1+ 46. Kxf1 Qa1+ 47. Kg2 Bf3+ 1/2-1/2

[Event "Olympiad Women 2024"]
[Site "Budapest HUN"]
[Date "2024.09.13"]
[Round "3.65"]
[Board "2"]
[White "Tharushi, T H D Niklesha"]
[Black "Kouassi Edichy Berenice"]
[Result "1-0"]
[WhiteElo "1852"]
[BlackElo "1528"]
[PlyCount "55"]
[EventDate "2024.09.11"]
[WhiteTeam "Sri Lanka"]
[BlackTeam "Cote d’Ivoire"]
[WhiteTeamCountry "SRI"]

1. d4 d5 2. c4 c6 3. Nf3 Nf6 4. g3 Bf5 5. Bg2 e6 6. O-O Nbd7 7. Nc3 Be7 8. Nd2 O-O 9. e4 Bg6 $146 ({RR} 9... dxe4 10. Ndxe4 Nxe4 11. Nxe4 Nf6 12. Nxf6+ Bxf6 13. Be3 Qb6 14. g4 Bg6 15. f4 Rfd8 16. c5 Qxb2 17. f5 Qc3 18. Rf3 exf5 19. Rc1 Bxd4 20. Bxd4 Qxd4+ 21. Qxd4 Rxd4 22. gxf5 Bh5 23. Rb3 Bg4 24. Rxb7 {0-1 Iliesco,J-Rossetto,H ARG-ch23 Match Rossetto-Liesco +4-0=1 1944 (2)}) ({RR} 9... dxe4 10. Ndxe4 Nxe4 11. Nxe4 Bxe4 12. Bxe4 Bg5 13. f4 Bf6 14. Be3 g6 15. Qe2 Bg7 16. Rad1 Nf6 17. Bf3 Qc7 18. Kg2 Rfd8 19. g4 Rd7 20. h4 Rad8 21. h5 gxh5 22. gxh5 Kh8 23. Kh1 Qa5 24. Rg1 {0-1 Pultinevicius,P (2587)-Hovhannisyan,R (2611) Titled Tue 2nd Apr Early 2024 (7)}) ({RR} 9... dxe4 10. Ndxe4 Nxe4 11. Nxe4 Qb6 12. c5 Qa6 13. Re1 Rad8 14. Bf1 Qa5 15. Bd2 Qc7 16. Qf3 Bxe4 17. Qxe4 Nxc5 18. Qg4 Nd7 19. Bd3 Nf6 20. Qh4 c5 21. Bf4 Qd7 22. Be5 h6 23. Rad1 cxd4 24. Bxd4 {0-1 Injac,T (2439)-Gunina,V (2437) Swiss Queens Wed #5 2024 (8.127)}) ({RR} 9... dxe4 10. Ndxe4 e5 11. Nxf6+ Bxf6 12. d5 Rc8 13. Qe2 Nc5 14. Rd1 Qa5 15. Bd2 Qa6 16. Be3 cxd5 17. Nxd5 Qe6 18. b4 Na4 19. Bxa7 Qa6 20. Be3 Qxc4 21. Qd2 Nc3 22. Nxc3 Qxc3 23. Bc5 Qxd2 24. Rxd2 {0-1 Garibaldi,O-Bartis,G Buenos Aires 1952 (3)}) 10. e5 Ne8 11. cxd5 cxd5 12. f4 Bd3 13. Rf3 Ba6 14. Kh1 b6 15. f5 Bb7 16. Rf2 Rc8 17. Qg4 exf5 18. Rxf5 Nc7 19. Nf1 Kh8 20. Bd2 Bb4 21. Bh3 Bc6 22. Rh5 Ne6 23. Bg2 Be7 24. Qh3 h6 25. Bxh6 gxh6 26. Rxh6+ Kg8 27. Rh8+ Kg7 28. Qh6# 1-0

[Event "Olympiad Women 2024"]
[Site "Budapest HUN"]
[Date "2024.09.13"]
[Round "3.65"]
[Board "3"]
[White "Gba, Zotta Marcelle Aurore Regine"]
[Black "Pallie, Ehsha Mishela"]
[Result "0-1"]
[WhiteElo "1427"]
[BlackElo "1767"]
[PlyCount "86"]
[EventDate "2024.09.11"]
[WhiteTeam "Cote d’Ivoire"]
[BlackTeam "Sri Lanka"]
[BlackTeamCountry "SRI"]

1. e4 {Marin,Mihail} c5 2. Nf3 d6 3. d4 cxd4 4. Nxd4 Nf6 5. Nc3 a6 6. Be3 e5 7. Nf3 Be7 8. Bc4 O-O 9. O-O Nc6 ({RR} 9... Be6) 10. a3 ({RR} 10. Re1 b5 ({RR} 10... Na5 11. Bf1 Be6 12. Nd5 Bxd5 13. exd5 b5 14. b3) ({RR} 10... h6 11. a3 Be6 12. Nd5 b5 13. Ba2 Rc8 14. Nd2 Bxd5 15. exd5 Nb8 16. c4) 11. Bf1 ({RR} 11. Bb3 Rb8 12. Bg5 Nd7 13. Bxe7 Qxe7 14. Nd5 Qd8 15. c3 Nc5 16. Bc2 a5 17. b4 axb4 18. cxb4 Ne6) 11... Rb8 12. Bg5 Ng4 ({RR} 12... b4 13. Bxf6 bxc3 14. Bxe7 Nxe7) 13. Bd2 ({RR} 13. Bxe7 Nxe7 14. a3 Bb7 15. Qd2 Qc7 16. Rad1 Rfd8 17. h3 Nf6) 13... Be6 14. Nd5 h6 15. h3 Nf6 16. c4 Qd7 17. b3 Bd8 18. Rc1 Bxd5 19. cxd5 Ne7 20. Bd3 Bb6 21. Nh4 g5 22. Nf3 Rfc8 23. Rxc8+ Rxc8 24. Nh2 Ng6 {½-½ Anand,V (2779)-Topalov,V (2783) Morelia/Linares 24th 2007 (8)}) 10... b5 ({RR} 10... Be6 11. Qe2 Rc8 12. Ba2 Bxa2 13. Rxa2 d5 14. exd5 Nxd5 15. Nxd5 Qxd5 16. Raa1 f5 17. Rfd1 Qe6 18. Bg5 e4 19. Bxe7 Qxe7 20. Nd4 Ne5 21. b3 Rc3 22. Rd2 Qf6 23. Rad1 h6 24. Qe1 Rfc8 25. a4 {0-1 Melikyan,G (2238)-Kramnik,V (2753) Titled Tue 30th Jan Late 2024 (2)}) 11. Ba2 Bb7 $146 ({RR} 11... Be6 12. Qd3 Rc8 13. Bg5 Nh5 14. Bd2 Na5 15. a4 Nc4 16. Bc1 Nf4 17. Bxf4 Nxb2 18. Qd2 exf4 19. axb5 Bf6 20. Nd5 Bxd5 21. Bxd5 Nc4 22. Bxc4 Bxa1 23. Bd3 Bc3 24. Qxf4 a5 25. e5 dxe5 26. Nxe5 {0-1 Anand,V (2751)-Navara,D (2697) Gashimov Memorial Rapid 7th 2021 (3.1)}) 12. Nd5 Nxe4 13. Qd3 Nf6 14. Nxf6+ Bxf6 15. c3 Ne7 16. Ng5 Ng6 17. Bxf7+ Rxf7 18. Nxf7 Kxf7 19. f3 Kg8 20. Rad1 d5 21. Qc2 Rc8 22. Qb3 Rc4 23. Bc1 Kh8 24. Be3 Bg5 25. Bf2 Nf4 26. Rfe1 Bf6 27. g3 Nh3+ 28. Kg2 Nxf2 29. Kxf2 Qb6+ 30. Kf1 e4 31. f4 Qe6 32. Qc2 d4 33. Rxe4 Qxe4 34. Re1 Qh1+ 35. Ke2 d3+ 36. Qxd3 Re4+ 37. Kd1 Rxe1+ 38. Kc2 Be4 39. Qxe4 Qxe4+ 40. Kb3 Qc4+ 41. Kc2 Re2+ 42. Kc1 Qb3 43. Kb1 Qxb2# 0-1

[Event "Olympiad Women 2024"]
[Site "Budapest HUN"]
[Date "2024.09.13"]
[Round "3.66"]
[Board "1"]
[White "Ampaire, Shakira"]
[Black "Magne Kouokam Sylviane"]
[Result "1-0"]
[WhiteElo "1839"]
[BlackElo "1587"]
[PlyCount "82"]
[EventDate "2024.09.11"]
[WhiteTeam "Uganda"]
[BlackTeam "Cameroon"]
[WhiteTeamCountry "UGA"]
[BlackTeamCountry "CAM"]

1. d4 d5 2. Nf3 Nc6 3. Bf4 Bf5 4. c3 e6 5. Qb3 ({RR} 5. Nbd2 Bd6 6. e3 Nf6 7. Be2 O-O 8. O-O h6 9. a3 a5 10. b4 Ne7 11. Ne5 Ng6 12. Nxg6 Bxg6 13. Bxd6 cxd6 14. c4 axb4 15. axb4 dxc4 16. Nxc4 Ne4 17. Rxa8 Qxa8 18. Qa1 Rc8 19. f3 Qxa1 {0-1 Szpar,M (2495)-Niemann,H (2675) Titled Tue 6th Feb Late 2024 (3)}) 5... Rb8 6. e3 Nf6 7. Qa4 $146 ({RR} 7. Nbd2 a6 8. Be2 Bd6 9. Bg5 h6 10. Bh4 O-O 11. O-O Re8 12. Rac1 Be7 13. c4 dxc4 14. Nxc4 b5 15. Nce5 Nxe5 16. Nxe5 Qd5 17. Qxd5 exd5 18. Rxc7 Bd6 19. Rc6 Bxe5 20. dxe5 Rxe5 21. Bg3 Re6 {1-0 Tsepilova,S (1704)-Skobochkina,M Satka Autumn op (Women) 2015 (4)}) 7... Nd7 8. Bb5 f6 9. b4 Bd6 10. Bxd6 cxd6 11. Bxc6 bxc6 12. Qxc6 Rb6 13. Qa4 Qc8 14. O-O Ra6 15. Qb3 O-O 16. a4 Rc6 17. Rc1 a6 18. Na3 Nb6 19. b5 axb5 20. Nxb5 Rf7 21. Nd2 Bd3 22. Qb4 Rd7 23. Nb3 Nc4 24. Na5 Rb6 25. Nxc4 Bxc4 26. Qa5 Ra6 27. Qb4 Rb6 28. h3 Qc6 29. Rcb1 Rdb7 30. Qa5 Bxb5 31. axb5 Rxb5 32. Rxb5 Rxb5 33. Qd8+ Kf7 34. Ra8 Kg6 35. Rc8 Qa6 36. Kh2 e5 37. Qe8+ Kf5 38. Qh5+ Ke6 39. Rc7 Rb8 40. Qg4+ f5 41. Qxg7 e4 1-0

[Event "Olympiad Women 2024"]
[Site "Budapest HUN"]
[Date "2024.09.13"]
[Round "3.66"]
[Board "2"]
[White "Danwe Maissiri Carole"]
[Black "Sana Omprakash Kayyar"]
[Result "0-1"]
[WhiteElo "1456"]
[BlackElo "1937"]
[PlyCount "72"]
[EventDate "2024.09.11"]
[WhiteTeam "Cameroon"]
[BlackTeam "Uganda"]
[WhiteTeamCountry "CAM"]
[BlackTeamCountry "UGA"]

1. e4 e5 2. Nf3 Nc6 3. Bc4 Nf6 4. d3 Bc5 5. c3 d6 6. O-O O-O 7. h3 h6 8. Re1 Bb6 9. Be3 ({RR} 9. Nbd2 Ne7 10. Bb3 c6 11. Nc4 Bc7 12. d4 Ng6 13. dxe5 Nxe5 14. Nfxe5 dxe5 15. Qf3 Qe7 16. Ne3 Bb6 17. Bd2 Be6 18. Nf5 Bxf5 19. Qxf5 Rad8 20. Rad1 Rd6 21. Bc1 Rfd8 22. Rxd6 Rxd6 23. g3 Nd7 {½-½ Vachier Lagrave,M (2763)-Carlsen,M (2855) Meltwater Tour Final rapid 2021 (3.6)}) ({RR} 9. Nbd2 Ne7 10. a4 c6 11. d4 exd4 12. cxd4 d5 13. e5 Nh7 14. Bd3 Bf5 15. Nf1 Qc8 16. Ng3 Bxd3 17. Qxd3 Qe6 18. Bd2 Rfe8 19. Re2 Rad8 20. Rae1 g5 21. a5 Bc7 22. Nh2 Qg6 23. Qf3 c5 {½-½ Adair,J (2444)-Turner,M (2476) BCF-chT 2122 (4NCL) 2021 (9.16)}) 9... Re8 10. b4 Bxe3 $146 ({RR} 10... Be6 11. Bxe6 Rxe6 12. Nbd2 Bxe3 13. Rxe3 d5 14. b5 d4 15. cxd4 Nxd4 16. a4 c6 17. bxc6 Nxc6 18. Nc4 Rc8 19. Rb1 b6 20. Qf1 Qe8 21. Rb5 Nd7 22. Nh4 Nd4 23. Rd5 Rcc6 24. Rg3 g6 25. Nxe5 {1-0 Jaumandreu Llopis,A (1504)-Lopez Peral,E (1816) Madrid-ch sf 2016 (4)}) 11. Rxe3 d5 12. exd5 Nxd5 13. Re1 a6 14. Qb3 Be6 15. Nxe5 Nxe5 16. Rxe5 Qf6 17. Re1 Qg5 18. Na3 Nf4 19. g3 Nxh3+ 20. Kf1 Qf5 21. Qc2 Bxc4 22. Nxc4 Qf3 23. Ne3 Rxe3 24. Rxe3 Qh1+ 25. Ke2 Qxa1 26. f4 Qh1 27. Kd2 Qg2+ 28. Kc1 Qg1+ 29. Kd2 Qf2+ 30. Re2 Qxg3 31. Re3 Qf2+ 32. Re2 Qxf4+ 33. Ke1 Qg3+ 34. Kd1 Nf4 35. Re4 Rd8 36. Kc1 Nxd3+ 0-1

[Event "Olympiad Women 2024"]
[Site "Budapest HUN"]
[Date "2024.09.13"]
[Round "3.66"]
[Board "3"]
[White "Kawuma Patricia"]
[Black "Tchouateu Tankeu Stephanie"]
[Result "1-0"]
[WhiteElo "1839"]
[BlackElo "1565"]
[PlyCount "139"]
[EventDate "2024.09.11"]
[WhiteTeam "Uganda"]
[BlackTeam "Cameroon"]
[WhiteTeamCountry "UGA"]
[BlackTeamCountry "CAM"]

1. e4 e5 2. Nf3 Nc6 3. d4 exd4 4. Nxd4 Nf6 5. Nc3 Bc5 6. Be3 Bxd4 7. Bxd4 d6 8. Bb5 ({RR} 8. Be2 O-O 9. Qd2 Re8 10. f3 Be6 11. O-O-O a5 12. Bb5 Rf8 13. g4 Nxd4 14. Qxd4 c6 15. Be2 b5 16. Qxd6 Qxd6 17. Rxd6 Rac8 18. h3 Rfd8 19. Rhd1 Rxd6 20. Rxd6 Kf8 21. f4 Ke7 22. e5 Nd5 {1-0 Rusu,L (1625)-Molchanov,R (1329) ECTCC Youth 2023 (4.13)}) 8... Bd7 ({RR} 8... O-O 9. O-O Bd7 10. Re1 Nxd4 11. Qxd4 Bxb5 12. Nxb5 a6 13. Nc3 Re8 14. Rad1 Ng4 15. h3 Ne5 16. f4 Nc6 17. Qf2 f6 18. Nd5 Qd7 19. c4 Qf7 20. b4 a5 21. b5 Nb4 22. Ne3 Rxe4 23. a3 {1-0 Majer,J (2228)-Bazant,P (2338) CZE-chT2E 1617 2016 (1.1)}) 9. Bxf6 $146 ({RR} 9. Bxc6 Bxc6 10. f3 O-O 11. O-O Nd7 12. Qd3 Re8 13. Rae1 Qh4 14. Qe3 f5 15. Qf2 Qg5 16. Qg3 Qxg3 17. hxg3 fxe4 18. fxe4 Re6 19. Nd5 Bxd5 20. exd5 Rg6 21. Re7 Nf6 22. Bxf6 Rxf6 23. Rxf6 gxf6 {1-0 Chemeris,I-Dvornitskaya,E UKR-ch U10 Girls 2008 (1)}) ({RR} 9. O-O a6 10. Bc4 O-O 11. Re1 Re8 12. Qd2 h6 13. Rad1 b5 14. Bb3 b4 15. Nd5 Nxd5 16. Bxd5 Rb8 17. Qf4 Qe7 18. Re3 Nxd4 19. Rxd4 c5 20. Rd2 Rbd8 21. Rg3 Kh8 22. Rf3 Rf8 23. Bb3 Be6 {0-1 Rosenbaumova,L (1169)-Prichystal,S (1252) Mlada Boleslav Region-ch U20 2014 (7)}) 9... Qxf6 10. Nd5 Qd8 11. O-O O-O 12. f4 a6 13. Bd3 f6 14. f5 Ne7 15. Nf4 c6 16. Kh1 d5 17. exd5 Nxf5 18. Qh5 Qe8 19. Bxf5 Qxh5 20. Nxh5 Bxf5 21. Rxf5 g6 22. Nxf6+ Kg7 23. Rff1 Rxf6 24. Rxf6 Kxf6 25. dxc6 bxc6 26. Rd1 Re8 27. Kg1 Re6 28. Kf2 Kf5 29. Rd3 Kf6 30. Kf3 Kf5 31. Ra3 c5 32. Ra5 Re5 33. Rxa6 Kg5 34. Rc6 Rf5+ 35. Kg3 h5 36. h4+ Kh6 37. a4 Re5 38. Kh3 Re3+ 39. g3 Re1 40. Rxc5 Rh1+ 41. Kg2 Rb1 42. b3 Re1 43. b4 Re4 44. c3 Re2+ 45. Kh3 Re1 46. a5 Re8 47. Rc7 Ra8 48. c4 Ra6 49. c5 g5 50. hxg5+ Kxg5 51. Rb7 Re6 52. b5 Re3 53. Kg2 Kg4 54. Rg7+ Kf5 55. a6 Ra3 56. a7 Kf6 57. Rc7 Kf5 58. b6 Kg4 59. Rg7+ Kf5 60. Rg8 Ra2+ 61. Kh3 Ke5 62. a8=Q Rxa8 63. Rxa8 Kd5 64. b7 Kxc5 65. b8=Q Kd4 66. Qf4+ Kd5 67. Ra5+ Kc6 68. Rxh5 Kd7 69. Rh6 Ke8 70. Rh7 1-0

[Event "Olympiad Women 2024"]
[Site "Budapest HUN"]
[Date "2024.09.13"]
[Round "3.67"]
[Board "1"]
[White "Nihaya, Ahmed"]
[Black "Mongeli, Sasha"]
[Result "0-1"]
[WhiteElo "1589"]
[BlackElo "1819"]
[PlyCount "112"]
[EventDate "2024.09.11"]
[WhiteTeam "Maldives"]
[BlackTeam "Kenya"]
[WhiteTeamCountry "MDV"]
[BlackTeamCountry "KEN"]

1. e4 c6 2. d4 d5 3. e5 Bf5 4. Nf3 e6 5. Be2 Nd7 6. O-O Bg6 7. c3 Ne7 ({RR} 7... Be7 8. Na3 Bxa3 9. bxa3 Ne7 10. a4 Qa5 11. Qb3 Nb6 12. Bd1 Bh5 13. Rb1 O-O 14. Qb4 Qxb4 15. Rxb4 Rfb8 16. Be2 Bxf3 17. Bxf3 Nc4 18. Bg5 Kf8 19. Rfb1 Na5 20. Be2 Ke8 21. g4 b6 22. h4 {½-½ Svidler,P (2728)-Ivanchuk,V (2750) Amber-rapid 16th 2007 (6)}) 8. Bg5 $146 ({RR} 8. Na3 h6 9. Nc2 c5 10. Nce1 Nc6 11. Nd3 cxd4 12. cxd4 Be4 13. Be3 Nb6 14. Nd2 Bh7 15. Rc1 Rc8 16. a3 Be7 17. b4 O-O 18. Qb3 Rc7 19. Nc5 Bxc5 20. Rxc5 Nd7 21. Rcc1 Ne7 22. Qb2 Nb6 {0-1 Landa,K (2669)-Conquest,S (2546) ESP-chT CECLUB Sur Div 1 2007 (4)}) ({RR} 8. Na3 Nf5 9. Nc2 Be7 10. Bd3 O-O 11. Ne3 Nxe3 12. Bxe3 c5 13. Bxg6 fxg6 14. h3 c4 15. Nd2 b5 16. a3 a5 17. Qg4 Rf5 18. Rfe1 a4 19. Nf1 Bh4 20. g3 Be7 21. f4 Nf8 22. Qe2 g5 {1-0 Pranav,V (2611)-Molina,R (2376) Titled Tue 27th Feb Early 2024 (4)}) ({RR} 8. Qb3 Qb6 9. Nh4 c5 10. Nxg6 hxg6 11. Qxb6 axb6 12. Na3 Nc6 13. Nb5 Ra5 14. Bd2 c4 15. a4 Be7 16. Nc7+ Kd8 17. Nb5 Na7 18. Nxa7 Rxa7 19. b3 cxb3 20. Rfb1 Kc7 21. c4 Rha8 22. cxd5 exd5 {½-½ Cladouras,P (2365)-Fritze,B (2235) Dortmund op-A 1992 (4)}) 8... Qc7 9. b4 a5 10. bxa5 Rxa5 11. Nbd2 h6 12. Bf4 Nc8 13. Nb3 Ra3 14. Bc1 Ra7 15. Nh4 Bh7 16. f4 Be7 17. Nf3 Bf5 18. Bd3 g6 19. h3 Ncb6 20. Be2 h5 21. Nbd2 Na4 22. Qb3 Qa5 23. Bb2 Qb6 24. Bc1 Qa5 25. Bb2 O-O 26. Ng5 Nxb2 27. Qxb2 Qa3 28. Qb3 Rfa8 29. g4 hxg4 30. hxg4 Qxb3 31. Nxb3 Bc2 32. Nc1 Ba3 33. Nd3 Bxd3 34. Bxd3 Bb2 35. Rab1 Bxc3 36. Nf3 b5 37. Rfc1 b4 38. f5 gxf5 39. gxf5 Rxa2 40. fxe6 fxe6 41. Rc2 Rxc2 42. Bxc2 Kf8 43. Bg6 Ke7 44. Kf2 Ra2+ 45. Ke3 Rg2 46. Bh5 Nb6 47. Rg1 Nc4+ 48. Kd3 Nb2+ 49. Ke3 Bd2+ 50. Nxd2 Rxg1 51. Be2 Rc1 52. Kf4 Rc2 53. Ke3 Nc4+ 54. Bxc4 dxc4 55. Nb1 Rc1 56. Nd2 b3 0-1